00930nam a2200253 i 4500003000900000005001700009007000300026008004100029040003000070082001900100110009700119245005600216264004800272300004500320336002700365337003300392338002800425590002700453700004000480910000700520942001400527952011800541999001700659DO-SdBNP20250205115835.0ta230809n2008 dr ||||| |||| 00| 0 spa d aDO-SdBNPbspacBNPHUerda 4axxxxbL5832221 aRepública Dominicana.bSecretaría de Estado de Educación, Bellas Artes y Cultos92396510aLeonel Fernández el estadista /cDiomedes Remigio 1aSanto Domingo :bEditora Centenario,c2008. a291 páginas :bilustraciones ;c24 cm. atextobtxt2rdacontent asin mediaciónbn2rdamedia avolumenbnc2rdacarrier aInventariado 2023 / DG1 aBrugal, Carmen,eautor4aut.983971 aDG 2ddccLBS1 00102ddc51708PDaBNPHUbBNPHUcCTd2023-08-17l0oBNPHU PD xxxx L583p2023-5385r2023-08-17w2023-08-17yLBS1 c54440d54440